The legal word book / (Record no. 3646)

MARC details
000 -LEADER
fixed length control field 00915cam a2200277 a 4500
001 - CONTROL NUMBER
control field 1860982
003 - CONTROL NUMBER IDENTIFIER
control field OSt
005 - DATE AND TIME OF LATEST TRANSACTION
control field 20230704102430.0
008 - FIXED-LENGTH DATA ELEMENTS--GENERAL INFORMATION
fixed length control field 820929s1982 mau d 000 0 eng
010 ## - LIBRARY OF CONGRESS CONTROL NUMBER
LC control number 82018709
020 ## - INTERNATIONAL STANDARD BOOK NUMBER
International Standard Book Number 0395329426 :
Terms of availability $7.95
040 ## - CATALOGING SOURCE
Original cataloging agency DLC
Transcribing agency DLC
Modifying agency DLC
043 ## - GEOGRAPHIC AREA CODE
Geographic area code n-us---
082 00 - DEWEY DECIMAL CLASSIFICATION NUMBER
Classification number 340.14
Item number GOR
100 1# - MAIN ENTRY--PERSONAL NAME
Personal name Gordon, Frank S.,
Dates associated with a name 1952-
245 14 - TITLE STATEMENT
Title The legal word book /
Statement of responsibility, etc. compiled by Frank S. Gordon, Thomas M.S. Hemnes, and Charles E. Weinstein.
250 ## - EDITION STATEMENT
Edition statement 2nd ed.
260 ## - PUBLICATION, DISTRIBUTION, ETC. (IMPRINT)
Place of publication, distribution, etc. Boston :
Name of publisher, distributor, etc. Houghton Mifflin,
Date of publication, distribution, etc. c1982.
300 ## - PHYSICAL DESCRIPTION
Extent vi, 329 p. ;
Dimensions 22 cm.
650 #0 - SUBJECT ADDED ENTRY--TOPICAL TERM
Topical term or geographic name as entry element Law
Geographic subdivision United States
General subdivision Terminology.
700 1# - ADDED ENTRY--PERSONAL NAME
Personal name Hemnes, Thomas M. S.,
Dates associated with a name 1948-
700 1# - ADDED ENTRY--PERSONAL NAME
Personal name Weinstein, Charles E.
856 42 - ELECTRONIC LOCATION AND ACCESS
Materials specified Contributor biographical information
Uniform Resource Identifier <a href="http://www.loc.gov/catdir/enhancements/fy0736/82018709-b.html">http://www.loc.gov/catdir/enhancements/fy0736/82018709-b.html</a>
906 ## - LOCAL DATA ELEMENT F, LDF (RLIN)
a 7
b cbc
c orignew
d 1
e ocip
f 19
g y-gencatlg
942 ## - ADDED ENTRY ELEMENTS (KOHA)
Source of classification or shelving scheme Dewey Decimal Classification
Koha item type Books
Holdings
Withdrawn status Lost status Source of classification or shelving scheme Damaged status Not for loan Home library Current library Date acquired Total Checkouts Full call number Barcode Checked out Date last seen Price effective from Koha item type
    Dewey Decimal Classification     County Hall Archives County Hall Archives 07/04/2023   340.14 GOR 10001138 04/12/2022 07/04/2023 07/04/2023 Books
LIBRARY OPENING HOURS

When the Parliament is sitting: 8.00a.m - 7.00p.m or until the house adjourns
Mondays and Fridays and when the House is on Recess:  8.00a.m - 5.00p.m
Closed on Weekends and Public Holidays

Online Public Access Catalog (OPAC)
Website: http://www.parliament.go.ke
Bunge Library: https://libraryir.parliament.go.ke
Contact: library@parliament.go.ke | Tel no: (254-2)2221291 or 2848000 Ext 5043